[Event "Titled Tuesday intern op 23rd Apr Late"]
[Site "Chess.com INT"]
[Date "2024.04.23"]
[Round "11"]
[White "Kohler, Aran"]
[Black "Mesquita, Eduardo Barbosa"]
[Result "1-0"]
[WhiteElo "2019"]
[BlackElo "1969"]
[PlyCount "131"]
[EventDate "2024.04.23"]
[EventType "swiss (blitz)"]
[EventRounds "11"]
[EventCountry "USA"]
[SourceTitle "CB18_2024"]
[SourceDate "2024.05.01"]
[SourceVersion "1"]
[SourceVersionDate "2024.05.01"]
[SourceQuality "2"]

1. d4 d5 2. Nf3 Nf6 3. Bg5 Ne4 4. Bf4 c5 5. e3 Nc6 6. c3 e6 7. Nbd2 Be7 8. Nxe4 dxe4 9. Nd2 cxd4 10. exd4 f5 11. Qh5+ g6 12. Qh6 Bf8 13. Qg5 Be7 14. Qh6 Bf6 15. Bb5 Kf7 16. Bxc6 bxc6 17. Be5 Bxe5 18. dxe5 Ba6 19. 0-0-0 Bd3 20. Rde1 Qd5 21. Nb3 Qxe5 22. f3 Qg7 23. Qf4 e5 24. Qh4 g5 25. Qf2 Kg6 26. h4 h6 27. fxe4 Bxe4 28. Nc5 Bd5 29. h5+ Kf6 30. g4 f4 31. Qc2 Qh7 32. Ne4+ Ke7 33. c4 Be6 34. Rhg1 Rad8 35. b3 Rd4 36. Nc5 Qxc2+ 37. Kxc2 Kd6 38. Ne4+ Ke7 39. Nc5 Kd6 40. Ne4+ Kc7 41. Nc5 Bxc4 42. Rxe5 Bd5 43. Kc3 f3 44. Kxd4 f2 45. Rf1 Rf8 46. Ne6+ Bxe6 47. Rxe6 Kd7 48. Re4 Kd6 49. Ke3 Kd5 50. Rc4 Ke5 51. Rxf2 Rd8 52. Rf5+ Ke6 53. Rxc6+ Ke7 54. Rxh6 Rc8 55. Rxg5 Rc1 56. Rg7+ Kf8 57. Rxa7 Re1+ 58. Kf4 Kg8 59. Kg5 Rc1 60. Rd6 Rc5+ 61. Kg6 Rc8 62. h6 Kh8 63. Rdd7 Rg8+ 64. Kh5 Rg5+ 65. Kxg5 Kg8 66. Rd8# 1-0

[Event "Titled Tuesday intern op 23rd Apr Late"]
[Site "Chess.com INT"]
[Date "2024.04.23"]
[Round "3"]
[White "Mesquita, Eduardo Barbosa"]
[Black "Annaberdiyev, Babageldi"]
[Result "1-0"]
[WhiteElo "1969"]
[BlackElo "2208"]
[PlyCount "101"]
[EventDate "2024.04.23"]
[EventType "swiss (blitz)"]
[EventRounds "11"]
[EventCountry "USA"]
[SourceTitle "CB18_2024"]
[SourceDate "2024.05.01"]
[SourceVersion "1"]
[SourceVersionDate "2024.05.01"]
[SourceQuality "2"]

1. Nf3 e6 2. d4 d5 3. c4 f5 4. cxd5 exd5 5. Nc3 Nf6 6. Bg5 c6 7. e3 Bd6 8. Bd3 0-0 9. 0-0 Qe8 10. Qc2 Ne4 11. Bh4 Nd7 12. Bg3 Qe7 13. a3 a5 14. Rfb1 Nxg3 15. hxg3 g6 16. Re1 Nf6 17. Nd2 Ne4 18. Ne2 Bd7 19. Nf3 Rae8 20. Nd2 Nxf2 21. Kxf2 Qxe3+ 22. Kf1 Bxg3 23. Nxg3 Qxg3 24. Nf3 Re4 25. Qf2 Qd6 26. Ne5 Rxe1+ 27. Qxe1 Be8 28. Qc3 a4 29. Re1 Qf6 30. Nf3 Bf7 31. Bc2 b5 32. Ne5 Be8 33. Kg1 Qh4 34. Nf3 Qg3 35. Re5 h5 36. Qe3 h4 37. Qh6 h3 38. Qxh3 Qf4 39. Re7 Bf7 40. Bd3 Qc1+ 41. Kh2 Qxb2 42. Ng5 Kg7 43. Qh7+ Kf6 44. Nxf7 Kxe7 45. Ne5+ Kf6 46. Qxg6+ Ke7 47. Qg7+ Ke6 48. Qd7+ Kf6 49. Qxc6+ Kg5 50. Qg6+ Kf4 51. Qg3# 1-0

[Event "Titled Tuesday intern op 23rd Apr Late"]
[Site "Chess.com INT"]
[Date "2024.04.23"]
[Round "9"]
[White "Mesquita, Eduardo Barbosa"]
[Black "Gajic, Mladen"]
[Result "0-1"]
[WhiteElo "1969"]
[BlackElo "2294"]
[PlyCount "38"]
[EventDate "2024.04.23"]
[EventType "swiss (blitz)"]
[EventRounds "11"]
[EventCountry "USA"]
[SourceTitle "CB18_2024"]
[SourceDate "2024.05.01"]
[SourceVersion "1"]
[SourceVersionDate "2024.05.01"]
[SourceQuality "2"]

1. Nf3 g5 2. Nxg5 e5 3. Nf3 e4 4. Nd4 d5 5. e3 c5 6. Nb3 Nc6 7. d4 c4 8. N3d2 Be6 9. a4 Qa5 10. Nc3 Nf6 11. Be2 Bd6 12. f3 exf3 13. Bxf3 a6 14. 0-0 Qc7 15. h3 Rg8 16. Kh1 0-0-0 17. Nxc4 dxc4 18. Bxc6 Qxc6 19. Rxf6 Qxg2# 0-1

[Event "Titled Tuesday intern op 16th Apr Late"]
[Site "Chess.com INT"]
[Date "2024.04.16"]
[Round "9"]
[White "Mesquita, Eduardo Barbosa"]
[Black "Montano Vicente, Guadalupe"]
[Result "1-0"]
[WhiteElo "1969"]
[BlackElo "1819"]
[PlyCount "117"]
[EventDate "2024.04.16"]
[EventType "swiss (blitz)"]
[EventRounds "11"]
[EventCountry "USA"]
[SourceTitle "CB17_2024"]
[SourceDate "2024.04.24"]
[SourceVersion "1"]
[SourceVersionDate "2024.04.24"]
[SourceQuality "1"]

1. Nf3 c5 2. e3 g6 3. d4 Bg7 4. dxc5 Qa5+ 5. Nc3 Qxc5 6. Bd3 Nf6 7. 0-0 0-0 8. e4 d6 9. Be3 Qc7 10. h3 Nbd7 11. Nb5 Qa5 12. c3 a6 13. Nbd4 Qc7 14. Bc2 Nc5 15. Nd2 e5 16. Ne2 d5 17. exd5 Nxd5 18. Bxc5 Qxc5 19. Ne4 Qc6 20. a4 Be6 21. a5 Rfd8 22. Qc1 Nf6 23. Ng5 Bd5 24. Ba4 Qc7 25. f4 e4 26. f5 h6 27. fxg6 hxg5 28. Qxg5 fxg6 29. Nf4 Bf7 30. Rae1 Rac8 31. b4 b5 32. Bd1 Qxc3 33. Nxg6 Qd4+ 34. Kh1 Bxg6 35. Qxg6 Rc3 36. h4 Re3 37. Be2 Qe5 38. Rd1 Rf8 39. Rf2 Rg3 40. Rf5 Rxg6 41. Rxe5 Rg3 42. Rd6 Rb3 43. Rxa6 Rxb4 44. Bxb5 Rb1+ 45. Kh2 Ng4+ 46. Kh3 Bxe5 47. Bc4+ Kg7 48. Kxg4 Rb7 49. g3 Re7 50. h5 Bc3 51. Rg6+ Kh8 52. Rh6+ Kg7 53. Rg6+ Kh7 54. Kh4 Bd2 55. g4 Bxa5 56. g5 Be1+ 57. Kg4 Bd2 58. Rh6+ Kg7 59. Rd6 1-0

[Event "Titled Tuesday intern op 02nd Apr Late"]
[Site "Chess.com INT"]
[Date "2024.04.02"]
[Round "4"]
[White "Ghafourian, Amir Ali"]
[Black "Mesquita, Eduardo Barbosa"]
[Result "1-0"]
[WhiteElo "2141"]
[BlackElo "1969"]
[PlyCount "55"]
[EventDate "2024.04.02"]
[EventType "swiss (blitz)"]
[EventRounds "11"]
[EventCountry "USA"]
[SourceTitle "CB15_2024"]
[SourceDate "2024.04.10"]
[SourceVersion "1"]
[SourceVersionDate "2024.04.10"]
[SourceQuality "1"]

1. e4 c5 2. Nf3 d6 3. d4 cxd4 4. Nxd4 Nf6 5. Nc3 a6 6. Bg5 e6 7. f4 Nbd7 8. Qe2 Qc7 9. 0-0-0 b5 10. a3 Be7 11. g4 Bb7 12. Bh4 Nc5 13. Bg2 0-0 14. g5 Nfd7 15. f5 Rac8 16. fxe6 fxe6 17. Bh3 Ne5 18. Nxe6 Nxe6 19. Bxe6+ Kh8 20. Bxc8 Rxc8 21. Kb1 Qc5 22. Nd5 Bd8 23. Rhf1 Ng6 24. Bf2 Qc6 25. h4 Ne5 26. Bd4 Ba5 27. Bxe5 dxe5 28. Ne7 1-0

[Event "Titled Tuesday intern op 12th Mar Late"]
[Site "Chess.com INT"]
[Date "2024.03.12"]
[Round "5"]
[White "Dias, Simao Poscidonio"]
[Black "Mesquita, Eduardo Barbosa"]
[Result "1-0"]
[WhiteElo "2068"]
[BlackElo "1969"]
[PlyCount "89"]
[EventDate "2024.03.12"]
[EventType "swiss (blitz)"]
[EventRounds "11"]
[EventCountry "USA"]
[SourceTitle "CB12_2024"]
[SourceDate "2023.10.01"]
[SourceVersion "1"]
[SourceVersionDate "2023.10.01"]
[SourceQuality "1"]

1. e4 c5 2. Nf3 d6 3. d4 cxd4 4. Nxd4 Nf6 5. Nc3 a6 6. Be3 e6 7. Be2 b5 8. f4 Bb7 9. Bf3 b4 10. e5 Nd5 11. Nxd5 exd5 12. 0-0 Nd7 13. exd6 Bxd6 14. Nf5 Qf6 15. Nxd6+ Qxd6 16. Bd4 0-0 17. Qd2 Nb6 18. b3 Rac8 19. Rad1 Nd7 20. Kh1 Rfd8 21. Bg4 Rc7 22. Qf2 Nf6 23. Bf5 Ne4 24. Qh4 h6 25. Be5 Qe7 26. Qg4 Nf6 27. Qh4 Rxc2 28. Bxc2 Qc5 29. Bd3 d4 30. Bxf6 Rd6 31. Be7 Qd5 32. Qg3 Rc6 33. Bxb4 Re6 34. Bc4 Qe4 35. Bxe6 fxe6 36. Qf2 d3 37. Bc3 Bd5 38. Rfe1 Qg6 39. Kg1 Kh7 40. Rd2 a5 41. Qd4 h5 42. Qxd3 Qxd3 43. Rxd3 Kg6 44. Rxd5 exd5 45. Re5 1-0

[Event "Titled Tuesday intern op 12th Mar Late"]
[Site "Chess.com INT"]
[Date "2024.03.12"]
[Round "3"]
[White "Mesquita, Eduardo Barbosa"]
[Black "Vila Dupla, Aurelio"]
[Result "1-0"]
[WhiteElo "1969"]
[BlackElo "2042"]
[PlyCount "129"]
[EventDate "2024.03.12"]
[EventType "swiss (blitz)"]
[EventRounds "11"]
[EventCountry "USA"]
[SourceTitle "CB12_2024"]
[SourceDate "2023.10.01"]
[SourceVersion "1"]
[SourceVersionDate "2023.10.01"]
[SourceQuality "1"]

1. Nf3 d5 2. d4 c6 3. c4 e6 4. Nc3 f5 5. Bg5 Nf6 6. e3 Be7 7. Be2 0-0 8. 0-0 h6 9. Bf4 Bd7 10. Rc1 Be8 11. Qb3 Qb6 12. Qc2 Bh5 13. b4 Ne4 14. c5 Qd8 15. b5 Nd7 16. a4 Qa5 17. Nxe4 fxe4 18. Ne5 Nxe5 19. Bxe5 Bxe2 20. Qxe2 Qxa4 21. Qg4 Bf6 22. Qxe6+ Kh8 23. Ra1 Qxb5 24. Rfb1 Qe2 25. Bg3 Rae8 26. Qd7 Re7 27. Qf5 Ref7 28. Qe6 a6 29. Rb6 Bd8 30. Rbb1 Bc7 31. Qh3 Bxg3 32. Qxg3 Rxf2 33. h4 R2f7 34. Kh2 Qh5 35. Rg1 Kh7 36. Qh3 g5 37. hxg5 Qxh3+ 38. Kxh3 hxg5 39. Kg4 Kg6 40. Rab1 Rh8 41. Rh1 Rxh1 42. Rxh1 Rg7 43. Rf1 Rg8 44. Rf5 Ra8 45. Rxg5+ Kf6 46. Kf4 a5 47. Rh5 a4 48. Rh6+ Kg7 49. Rh1 a3 50. Ra1 a2 51. Ke5 Kg6 52. Kd6 Kg5 53. Kc7 Kg4 54. Kxb7 Ra3 55. Kxc6 Kg3 56. Kxd5 Kxg2 57. Kxe4 Kf2 58. c6 Rxe3+ 59. Kd5 Rc3 60. Rxa2+ Ke3 61. Ra7 Rc4 62. Re7+ Kd3 63. Re4 Rxd4+ 64. Rxd4+ Kc3 65. Rc4+ 1-0

[Event "Titled Tuesday intern op 27th Feb Late"]
[Site "Chess.com INT"]
[Date "2024.02.27"]
[Round "3"]
[White "Ryan, Joseph"]
[Black "Mesquita, Eduardo Barbosa"]
[Result "1-0"]
[WhiteElo "2232"]
[BlackElo "1948"]
[PlyCount "57"]
[EventDate "2024.02.27"]
[EventType "swiss (blitz)"]
[EventRounds "11"]
[EventCountry "USA"]
[SourceTitle "CB10_2024"]
[SourceDate "2024.03.06"]
[SourceVersion "1"]
[SourceVersionDate "2024.03.06"]
[SourceQuality "1"]

1. e4 c5 2. c3 Nf6 3. e5 Nd5 4. Nf3 e6 5. g3 Nc6 6. Bg2 Be7 7. 0-0 0-0 8. d4 cxd4 9. cxd4 b6 10. Nc3 Bb7 11. Nxd5 exd5 12. h4 h6 13. Bf4 Rc8 14. Qd2 Re8 15. Bxh6 gxh6 16. Qxh6 Bf8 17. Qh5 Qe7 18. Ng5 Bg7 19. Bxd5 Nd8 20. Bxb7 Nxb7 21. Qh7+ Kf8 22. Qf5 Kg8 23. Rae1 Na5 24. Re4 Nc6 25. Rg4 Nd8 26. Qh7+ Kf8 27. Ne4 Ne6 28. Rxg7 Qb4 29. Rxf7# 1-0

[Event "Titled Tuesday intern op 27th Feb Late"]
[Site "Chess.com INT"]
[Date "2024.02.27"]
[Round "1"]
[White "Stefansson, Vignir Vatnar"]
[Black "Mesquita, Eduardo Barbosa"]
[Result "1-0"]
[WhiteElo "2464"]
[BlackElo "1948"]
[PlyCount "85"]
[EventDate "2024.02.27"]
[EventType "swiss (blitz)"]
[EventRounds "11"]
[EventCountry "USA"]
[SourceTitle "CB10_2024"]
[SourceDate "2024.03.06"]
[SourceVersion "1"]
[SourceVersionDate "2024.03.06"]
[SourceQuality "1"]

1. d4 d5 2. c4 e6 3. g3 Nf6 4. Bg2 Be7 5. Nf3 0-0 6. 0-0 a6 7. Nbd2 dxc4 8. Nxc4 b5 9. Nfe5 c6 10. Nxc6 Nxc6 11. Bxc6 Rb8 12. Ne5 Nd5 13. Qb3 f6 14. Bxd5 fxe5 15. Bxe6+ Kh8 16. Bxc8 Qxc8 17. dxe5 Bc5 18. Be3 Bxe3 19. Qxe3 Qc2 20. Qb3 Qxe2 21. Rae1 Qc4 22. e6 Rfe8 23. Re3 Rb6 24. Rfe1 Qxb3 25. axb3 Kg8 26. f4 Kf8 27. e7+ Kf7 28. Kf2 Rb7 29. Kf3 Rbxe7 30. Rxe7+ Rxe7 31. Rxe7+ Kxe7 32. Ke4 Ke6 33. g4 g6 34. b4 h6 35. f5+ Kf6 36. Kf4 gxf5 37. gxf5 Kg7 38. Ke5 Kf7 39. f6 h5 40. Kf5 h4 41. h3 Kg8 42. Kg6 Kf8 43. f7 1-0

[Event "Titled Tuesday intern op 23rd Jan Late"]
[Site "Chess.com INT"]
[Date "2024.01.23"]
[Round "6"]
[White "Mesquita, Eduardo Barbosa"]
[Black "Tan, Ralph"]
[Result "0-1"]
[WhiteElo "1948"]
[BlackElo "2016"]
[PlyCount "106"]
[EventDate "2024.01.23"]
[EventType "swiss (blitz)"]
[EventRounds "11"]
[EventCountry "USA"]
[SourceTitle "CB05_2024"]
[SourceDate "2024.01.31"]
[SourceVersion "1"]
[SourceVersionDate "2024.01.31"]
[SourceQuality "1"]

1. e4 c6 2. d4 d5 3. e5 c5 4. dxc5 e6 5. b4 b6 6. cxb6 Bxb4+ 7. c3 Bc5 8. bxa7 Rxa7 9. Nf3 Qb6 10. Qc2 Bd7 11. Nbd2 Ba4 12. Qd3 Bxf2+ 13. Ke2 Bb5 14. c4 dxc4 15. Qc3 Rd7 16. Ne4 Bd4 17. Nxd4 Qxd4 18. Qxd4 Rxd4 19. Nd6+ Rxd6 20. exd6 Nf6 21. Rb1 Nc6 22. Be3 Nd5 23. Kf2 Nc3 24. Rc1 Ne4+ 25. Kf3 Nxd6 26. Be2 Nf5 27. Bc5 f6 28. Rhd1 Kf7 29. Rd7+ Kg6 30. Kf2 Ra8 31. g4 Nh4 32. a3 Ne5 33. Rc7 Kh6 34. Kg3 g5 35. Rf1 Kg6 36. Be7 f5 37. gxf5+ Nxf5+ 38. Kf2 Nd3+ 39. Kg1 Nf4 40. Rb1 Nxe2+ 41. Kf2 Nc3 42. Rc1 Ne4+ 43. Kg1 c3 44. Bb4 Bd3 45. Rd7 Be2 46. Re1 c2 47. Rc7 Bd3 48. h3 Nd4 49. Bc5 Nf3+ 50. Kg2 Nxe1+ 51. Kh2 c1Q 52. Be3 Qxe3 53. Rg7+ Kxg7 0-1

[Event "Titled Tuesday intern op 23rd Jan Late"]
[Site "Chess.com INT"]
[Date "2024.01.23"]
[Round "1"]
[White "Munoz, Francisco Javier"]
[Black "Mesquita, Eduardo Barbosa"]
[Result "0-1"]
[WhiteElo "2389"]
[BlackElo "1948"]
[PlyCount "106"]
[EventDate "2024.01.23"]
[EventType "swiss (blitz)"]
[EventRounds "11"]
[EventCountry "USA"]
[SourceTitle "CB05_2024"]
[SourceDate "2024.01.31"]
[SourceVersion "1"]
[SourceVersionDate "2024.01.31"]
[SourceQuality "1"]

1. e4 c5 2. Nc3 a6 3. d4 cxd4 4. Qxd4 Nc6 5. Qe3 d6 6. b3 Nf6 7. Bb2 e5 8. 0-0-0 Be7 9. Kb1 0-0 10. h3 b5 11. Nge2 Bb7 12. g4 Qa5 13. f4 b4 14. Nd5 Nxd5 15. exd5 exf4 16. Nxf4 Ne5 17. Bg2 Rfe8 18. Nh5 Rac8 19. Be4 Rc3 20. Bxc3 bxc3 21. Qc1 Nc4 22. h4 Nd2+ 23. Rxd2 cxd2 24. Qf1 g6 25. Qf3 Rc8 26. Rf1 d1Q+ 27. Rxd1 gxh5 28. Rf1 f6 29. gxh5 Kf8 30. Qf4 Bxd5 31. Qh6+ Ke8 32. Qxh7 Be6 33. Bd3 Qe5 34. Qg6+ Kd7 35. h6 f5 36. h7 Bf6 37. c3 Qxc3 38. Qxf6 Qxf6 39. Rd1 Rh8 40. Bb5+ Ke7 41. Bc4 Rxh7 42. Re1 Qe5 43. Rxe5 dxe5 44. Bxa6 Rxh4 45. Bd3 Rf4 46. Kc2 Kf6 47. Bb5 e4 48. a4 Ke5 49. a5 Kd4 50. a6 Bd5 51. Bc4 Rf2+ 52. Kd1 Bxc4 53. a7 Ra2 0-1

[Event "Titled Tuesday intern op 16th Jan Early"]
[Site "Chess.com INT"]
[Date "2024.01.16"]
[Round "7"]
[White "Mesquita, Eduardo Barbosa"]
[Black "Vincenti, Leonardo"]
[Result "0-1"]
[WhiteElo "1948"]
[BlackElo "2071"]
[PlyCount "62"]
[EventDate "2024.01.16"]
[EventType "swiss (blitz)"]
[EventRounds "11"]
[EventCountry "USA"]
[SourceTitle "CB04_2024"]
[SourceDate "2023.10.16"]
[SourceVersion "1"]
[SourceVersionDate "2023.10.16"]
[SourceQuality "1"]

1. e4 e6 2. Nf3 d5 3. e5 c5 4. Be2 Nc6 5. 0-0 Nge7 6. c3 Nf5 7. d4 cxd4 8. cxd4 Qb6 9. Be3 Nxe3 10. fxe3 Qxb2 11. Nbd2 Qc3 12. Rc1 Qxe3+ 13. Kh1 Be7 14. Ne1 0-0 15. Nb3 Qh6 16. Rc3 g6 17. Rh3 Qg7 18. Nd3 f6 19. Rf4 fxe5 20. Rg4 exd4 21. Nf4 e5 22. Nh5 Qf7 23. Rf3 Bf5 24. Rgg3 Kh8 25. Nc5 Bxc5 26. Bd3 Qe6 27. Qc1 e4 28. Qh6 Rf7 29. Nf4 Qe8 30. Nh5 exf3 31. Bxf5 Qe1# 0-1

[Event "Titled Tuesday intern op 16th Jan Early"]
[Site "Chess.com INT"]
[Date "2024.01.16"]
[Round "6"]
[White "Mesquita, Eduardo Barbosa"]
[Black "Vujovic, Vera"]
[Result "1-0"]
[WhiteElo "1948"]
[BlackElo "2123"]
[PlyCount "77"]
[EventDate "2024.01.16"]
[EventType "swiss (blitz)"]
[EventRounds "11"]
[EventCountry "USA"]
[SourceTitle "CB04_2024"]
[SourceDate "2023.10.16"]
[SourceVersion "1"]
[SourceVersionDate "2023.10.16"]
[SourceQuality "1"]

1. e4 e5 2. Nf3 Nc6 3. Bc4 Bc5 4. c3 Nf6 5. d3 d6 6. Bg5 h6 7. Bh4 Bg4 8. h3 Bh5 9. Nbd2 0-0 10. Nf1 Qe7 11. Ng3 Bg6 12. 0-0 Nd8 13. a4 Ne6 14. b4 b5 15. Bxe6 Bxf2+ 16. Rxf2 fxe6 17. axb5 Qd7 18. c4 Nh5 19. Nxh5 Bxh5 20. Qd2 Rf4 21. Bg3 Rf7 22. Raf1 Raf8 23. Nh2 c6 24. Rxf7 Bxf7 25. bxc6 Qxc6 26. Bf2 Qa4 27. Qc3 Bh5 28. Ra1 Qe8 29. Rxa7 Qg6 30. Qd2 Kh7 31. Qe3 Rf4 32. Nf1 Bd1 33. Qg3 Qf6 34. Ne3 Be2 35. c5 dxc5 36. bxc5 Bxd3 37. c6 Bxe4 38. c7 Qf8 39. c8Q 1-0